000 01007nam a22002417a 4500
003 NALT
005 20251217145106.0
008 s2556 th tha d
040 _aNALT
041 _atha
050 _aHM 831
_bล431ค 2556
100 0 _a Little Thoughts
_929645
245 1 0 _aความเป็นโลก X ความเป็นเรา :
_bโลกาภิวัตน์ กับ อุดมการณ์ท้องถิ่นนิยม /
_cLittle Thoughts.
260 _aกรุงเทพฯ :
_bลิทเทิลธอทส์,
_c2556.
300 _a215 หน้า ;
_b
_c19 ซม.
650 4 _aสิ่งแวดล้อม
_99645
650 4 _aการอนุรักษ์พลังงาน
_923508
650 4 _aโลกาภิวัตน์
_910382
650 4 _aการเปลี่ยนแปลงทางสังคม
_919024
850 _aNALT
942 _cGB
_2lcc
996 _asaiphon.d
_bCATSTF
_c2025-12-17
999 _c74510
_d74510
998 _j104
_k นางสาวสายฝน ดีงาม